000 00231nam a2200097Ia 4500
082 _aEF HAGG
245 0 _aJohn
100 _a Williams, Niall London, 2009
_979106
942 _cBK
008 210817s9999 xx 000 0 und d
999 _c274788
_d274787